| 000 | 00808nab a2200253 a 4500 | ||
|---|---|---|---|
| 005 | 20210219163102.0 | ||
| 008 | 991125s1985 mx 000 0 spa u | ||
| 035 | _aUPN01000216151 | ||
| 049 | _aART | ||
| 100 | 1 | _aAndrade, Xavier | |
| 100 | 1 | _uxandrade13@hotmail.com | |
| 222 | 0 | _aICONOS : REVISTA DE CIENCIAS SOCIALES | |
| 245 | 0 | 0 |
_aAntropología y arte contemporáneo : _bparodia y estereotipos en la obra de Sandow Birk |
| 260 | _aQuito, Ecuador | ||
| 300 | _a171-188 | ||
| 362 | 0 | _a2016 Número 55 | |
| 653 | 0 | _aARTE CONTEMPORANEO | |
| 653 | 0 | _aANTROPOLOGIA | |
| 653 | 0 | _aMUSEO ARQUEOLOGICO | |
| 653 | 0 | _aBIRK, SANDOW, 1962- | |
| 856 | 4 | _uhttp://www.redalyc.org/articulo.oa?id=50945652009 | |
| 856 | 4 | _uhttps://dialnet.unirioja.es/servlet/articulo?codigo=5457266 | |
| 905 | _aArticulo | ||
| 999 |
_c188251 _d188251 |
||